Hiro, Dragon Warrior / (Record no. 5594)

MARC details
000 -LEADER
fixed length control field 01075nam a22002897a 4500
001 - CONTROL NUMBER
control field 5594
003 - CONTROL NUMBER IDENTIFIER
control field FISKH
005 - DATE AND TIME OF LATEST TRANSACTION
control field 20241219141026.0
008 - FIXED-LENGTH DATA ELEMENTS--GENERAL INFORMATION
fixed length control field 241219b cb ||||| |||| 00| 0 eng d
020 ## - INTERNATIONAL STANDARD BOOK NUMBER
International Standard Book Number 9781584766162
040 ## - CATALOGING SOURCE
Original cataloging agency FISKH
Language of cataloging eng
Transcribing agency FISKH
Modifying agency FISKH
050 ## - LIBRARY OF CONGRESS CALL NUMBER
Classification number PZ7
082 ## - DEWEY DECIMAL CLASSIFICATION NUMBER
Classification number 741.5
100 ## - MAIN ENTRY--PERSONAL NAME
Personal name Weiss, Bobbi
245 ## - TITLE STATEMENT
Title Hiro, Dragon Warrior /
Remainder of title Great strength sometimes comes in a small package!
Statement of responsibility, etc. Written by Bobbi JG Weiss and David Cody Weiss ; illustrated by Robbie Short
260 ## - PUBLICATION, DISTRIBUTION, ETC.
Place of publication, distribution, etc. Norwalk :
Name of publisher, distributor, etc. Innovative Kids,
Date of publication, distribution, etc. 2007.
300 ## - PHYSICAL DESCRIPTION
Extent 24 unnumbered pages :
Other physical details color illustrations ;
Dimensions 23 cm
505 ## - FORMATTED CONTENTS NOTE
Formatted contents note F<br/>
520 ## - SUMMARY, ETC.
Summary, etc. Three short stories in graphic novel format tell about Hiro, a young dragon who is bullied until he meets a martial arts master who teaches him to defend himself and gives him a quest.<br/>
521 8# - TARGET AUDIENCE NOTE
Target audience note 340<br/>
Source Lexile estimate<br/>
521 8# - TARGET AUDIENCE NOTE
Target audience note F<br/>
Source Raz-Plus <br/>
650 ## - SUBJECT ADDED ENTRY--TOPICAL TERM
Topical term or geographic name entry element Graphic Novel
Form subdivision Comics
700 ## - ADDED ENTRY--PERSONAL NAME
Personal name Weiss, David
Relator term author
700 ## - ADDED ENTRY--PERSONAL NAME
Personal name Short, Robbie
Relator term illustrator
942 ## - ADDED ENTRY ELEMENTS (KOHA)
Source of classification or shelving scheme Dewey Decimal Classification
Koha item type Books
Suppress in OPAC No
Holdings
Withdrawn status Lost status Source of classification or shelving scheme Damaged status Not for loan Collection Home library Current library Shelving location Date acquired Total Checkouts Full call number Barcode Date last seen Price effective from Koha item type
    Dewey Decimal Classification     Juvenile Fiction Footprints International School Library Network Toul Kork Campus Footprints International School Library Network Toul Kork Campus A TK Campus, Comic Books (All Reading Levels), B401 Bookcase 1/2, Shelf 3 12/19/2024   WEI 741.5 PZ7 FISTK01113 12/19/2024 12/19/2024 Books